000 00892nam0a22002531 4500
001 rc\2815657
005 20250806211116.0
035 _a(NLR Aleph) 006941402
090 _a39703
_c39703
100 _a20110915d1945 u y0rusy50 ca
101 0 _arus
102 _aRU
105 _aa z |||||
200 1 _aКак кроется крыша дранью или стружкой
_fН. И. Порхачев
210 _aМосква
_aЛенинград
_cИзд-во Наркомхоза РСФСР
_d1945
_eПерово
_gтип. изд-ва
215 _a16 с., без обл.
_cчерт.
_d18 см.
700 1 _aПорхачев
_bН.И.
_gНиколай Иванович
801 0 _aRU
_bNLR
_gpsbo
801 1 _aRU
_bELAR
_2rusmarc
852 _aNLR
_jТ80 Г-4/482
942 _cBOOK
945 _aРоссийская национальная библиотека
980 _aNB
980 _aBV